|
|
|
|
| LEADER |
00710nam a22002177a 4500 |
| 003 |
OSt |
| 020 |
|
|
|a 8170190274
|
| 082 |
|
|
|a 591.79
|b MLA/HY
|
| 100 |
|
|
|a Blanford,W T
|
| 245 |
|
|
|a Fauna of British India including Ceylon and Burma :
|b Hymenoptera -Vol .2,Ants and Cuckoo -Wasps
|
| 260 |
|
|
|a New Delhi
|b Today &Tomarrow's Printers and Publishers
|c 2013
|
| 300 |
|
|
|a 506 Pages ;
|
| 650 |
|
|
|a Anictus
|
| 650 |
|
|
|a Lioponera
|
| 650 |
|
|
|a Odontomachus
|
| 650 |
|
|
|a Diacamorium
|
| 650 |
|
|
|a Chrysis
|
| 650 |
|
|
|a Camponotus
|
| 942 |
|
|
|2 ddc
|c BK
|
| 999 |
|
|
|c 139691
|d 139691
|
| 952 |
|
|
|0 0
|1 0
|2 ddc
|4 0
|6 591_790000000000000_MLAHY
|7 0
|9 139139
|a KAUCLV
|b KAUCLV
|c GENERAL
|d 2014-07-08
|g 1000.00
|o 591.79 MLA/HY
|p 223851
|r 2014-07-08
|y BK
|